States of America - Statistics

General Stats
  • This quiz has been taken 621 times
  • The average score is 29 of 50
Answer Stats
Answer % Correct
California
86%
New York
86%
Alaska
81%
States: Alabama
80%
Florida
80%
Arkansas
75%
Texas
73%
Hawaii
72%
Arizona
70%
Washington
70%
Ohio
69%
Colorado
68%
Georgia
65%
New Mexico
64%
North Dakota
64%
North Carolina
63%
Kansas
62%
South Dakota
62%
Idaho
60%
Illinois
60%
Mississippi
60%
Kentucky
59%
New Jersey
59%
South Carolina
58%
Delaware
57%
Nevada
57%
Maine
56%
Indiana
55%
Maryland
55%
Michigan
55%
Connecticut
54%
Louisiana
54%
Iowa
53%
Pennsylvania
50%
Virginia
49%
New Hampshire
48%
Utah
48%
Minnessota
47%
Montana
47%
Nebraska
46%
Oregon
46%
Rhode Island
46%
Wyoming
46%
Missouri
45%
West Virginia
44%
Tennessee
40%
Oklahoma
39%
Vermont
38%
Wisconsin
35%
Massechusetts
7%
No matching quizzes found
Score Distribution
Percent of People with Each Score
Percentile by Number Answered
Your Score History
You have not taken this quiz